000 00596ntaaa2200205 4500
003 01
005 20251027202220.0
008 0714s1973 ag 01
040 _aAR-BaBN
_bspa
_cAR-BaBN
_eaacr
_dRIC
082 _a268.0000 Eu2
100 _aEudaly, María S. de
_94138
245 _aBarcos de la biblia
250 _a1 ed.
260 _aEl Paso :
_bCasa Bautista de Publicaciones,
_cs.f.
300 _afolleto
500 _aHistorias y trabajos manuales, ej. 3 para maestros
650 _aescuela dominical-materiales
_920659
650 _aeducación religiosa-materiales
_920660
942 _cBK
999 _c17016
_d17016